000 00440nmm a2200157Ia 4500
008 251105s9999||||xx |||||||||||||||||und||
020 _a9788426714923
041 _aspa
100 _aTenorio Santos, Iván
245 0 _aLa Nueva Radio
264 _a[Madrid, España] :
_bMarcombo,
_c2012
300 _a246 páginas
650 _aMedia Studies (Journ., TV, etc)
856 _uhttps://public.digitaliapublishing.com/a/17177
942 _cCF
999 _c80433
_d80433